Compendio de anatomía topográfica (Record no. 129510)

MARC details
000 -LEADER
campo de control de longitud fija 00703nam a2200205 i 4500
001 - NÚMERO DE CONTROL
campo de control 129510
003 - IDENTIFICADOR DE NÚMERO DE CONTROL
campo de control ES-MaACL
005 - FECHA Y HORA DE LA ÚLTIMA TRANSACCIÓN
campo de control 20230906193521.0
007 - CAMPO FIJO DE DESCRIPCIÓN FÍSICA--INFORMACIÓN GENERAL
campo de control de longitud fija t|
008 - DATOS DE LONGITUD FIJA--INFORMACIÓN GENERAL
campo de control de longitud fija 070625s1974 sp ||||1| spa d
100 1# - ENTRADA PRINCIPAL--NOMBRE DE PERSONA
Nombre de persona Testut, Léo (
Fechas asociadas al nombre 1849-1925)
9 (RLIN) 133195
245 10 - MENCIÓN DEL TÍTULO
Título Compendio de anatomía topográfica
Resto del título : con aplicaciones medicoquirúrgicas /
Mención de responsabilidad, etc. por los doctores L. Testut, O. Jacob.
250 ## - MENCION DE EDICION
Mención de edición 11ª ed. revisada y aumentada por R. Bernard.
260 ## - PUBLICACIÓN, DISTRIBUCIÓN, ETC.
Lugar de publicación, distribución, etc. Barcelona,
Fecha de publicación, distribución, etc. Salvat
-- [1974]
300 ## - DESCRIPCIÓN FÍSICA
Extensión XVI, 481 p. ;
Dimensiones 21 cm.
650 #4 - PUNTO DE ACCESO ADICIONAL DE MATERIA--TÉRMINO DE MATERIA
Término de materia o nombre geográfico como elemento de entrada Anatomía topográfica.
9 (RLIN) 151407
700 1# - ENTRADA AGREGADA--NOMBRE PERSONAL
Nombre de persona Jacob, Octave (
Fechas asociadas al nombre 1867-1928)
9 (RLIN) 65832
700 1# - ENTRADA AGREGADA--NOMBRE PERSONAL
Nombre de persona Bernard, R.
9 (RLIN) 28257
852 ## - LOCALIZACIÓN
Ubicación ES-MaACL
Número de control de estantería A-10901
Sublocalización o colección R.100058
Holdings
Estatus retirado Estado de pérdida Estado de daño No para préstamo Biblioteca de origen Biblioteca actual Ubicación en estantería Fecha de adquisición Fuente de adquisición Total de préstamos Signatura topográfica completa Código de barras Visto por última vez Precio de reemplazo Tipo de ítem Koha
        Biblioteca del Ateneo de Madrid Biblioteca del Ateneo de Madrid Depósito 1 17/01/2008     A-10901 1134863 23/02/2023 23/02/2023 Libro impreso